000 00331nam a2200133Ia 4500
005 20260326100048.0
008 260326s9999||||xx |||||||||||||| ||und||
100 _aLe Corbusier
245 0 _aLe Corbusier :
_b My Work /
_cLe Corbusier
260 _bThe Architectural Press
300 _a306 p.
650 _aARQUITECTOS
942 _cBK
999 _c7259
_d7259